000 00901nam a22002897a 4500
001 4962
003 FISKH
005 20241028153548.0
008 241028b cb ||||| |||| 00| 0 eng d
020 _a9781606310281
040 _aFISKH
_beng
_cFISKH
_dFISKH
050 _aBL795.M65
082 _a398.4093803
100 _aKelly, Sophia
245 _aWhat a Beast ! :
_bA Look-it-Up Guide to the Monsters and Mutants of Mythology /
_cby Sophia Kelly
260 _aNew York :
_bScholastic ;
_c2010 .
300 _a128 pages :
_bcolor illustrations ;
_c24 cm .
490 _aMythlopedia
505 _aZ
520 _aDescribes some of the creatures and monsters in Greek mythology.
521 8 _a920
_bLexile
521 8 _aZ
_bRaz-Plus
650 _aMonsters
_vEncyclopedia, Juvenile
700 _aHansen, William
_econtent consultant
942 _2ddc
_cBK
_n0
999 _c4962
_d4962